Most Populated U.S. Cities by Letter - L - Statistics

General Stats
  • This quiz has been taken 108 times
  • The average score is 12 of 20
Answer Stats
Population State Answer % Correct
642,000 Nevada Las Vegas
99%
3,899,000 California Los Angeles
99%
633,000 Kentucky Louisville
94%
291,000 Nebraska Lincoln
86%
203,000 Arkansas Little Rock
84%
323,000 Kentucky Lexington
81%
467,000 California Long Beach
74%
264,000 Texas Laredo
70%
121,000 Louisiana Lafayette
68%
113,000 Michigan Lansing
68%
111,000 New Mexico Las Cruces
63%
257,000 Texas Lubbock
63%
116,000 Massachusetts Lowell
48%
113,000 Florida Lakeland
43%
156,000 Colorado Lakewood
40%
174,000 California Lancaster
40%
112,000 Texas Lewisville
30%
101,000 Massachusetts Lynn
26%
101,000 Missouri Lee's Summit
25%
112,000 Texas League City
18%
No matching quizzes found
Score Distribution
Percent of People with Each Score
Percentile by Number Answered
Your Score History
You have not taken this quiz